| 000 | 00993nam a2200241Ia 4500 | ||
|---|---|---|---|
| 999 |
_c4217 _d4217 |
||
| 003 | OSt | ||
| 005 | 20200413115230.0 | ||
| 008 | 191128s2008 ck a br 000 j spa d | ||
| 020 | _a9789802758456 | ||
| 040 |
_aCO-JMCR _cCO-JMCR |
||
| 041 | 0 | _aspa | |
| 082 | 0 | 4 |
_aC / _bDARc |
| 100 | 1 |
_aDarío Rubén, _d1867-1916, _eautor _92925 |
|
| 245 | 1 | 0 |
_aCuento de nochebuena / _cRuben Darío ; ilustraciones Idana Rodríguez |
| 250 | _aPrimera edición | ||
| 260 |
_aBogotá : _bAlfaguara infantil, _c2008 |
||
| 300 |
_a31 páginas : _bilustraciones a color ; _c20 cm. |
||
| 490 | 0 | _aNavidad para contar ; 10 | |
| 520 | _aLa bondad del hermano Longinos no tiene comparación, lo mismo ayuda al desconocido que encuentra en su camino que a sus compañeros del monasterio. Pero su mayor mérito es su increíble don musical : nadie como él hace sonar el órgano. | ||
| 650 |
_aNavidad en la literatura _xcuento _92926 |
||
| 700 |
_aRodríguez, Idana, _eilustradora _92927 |
||
| 942 |
_2ddc _cBK |
||